000
00326pam a2200157a 44500
008
230515b1987 xxu||||| |||| 00| 0 eng d
020
_a
NULL
041
_a
ENGLISH
082
_a
630
100
_a
31-Dec-87
245
_a
BIS HANDBOOK 1988
250
_a
0
260
_a
DELHI
_b
ISI
_c
1987
300
_a
43
650
_a
NULL
999
_c
652177
_d
652177